000 00669cab a2200229 4500
001 ABS55012
008 090401t1996 xxu||||| |||| 00| 0 eng d
035 _a(Sirsi) u13594
041 _aeng
100 _aFox, G.
245 _aCommonhold - getting the small print right
260 _c1996
350 _a0
490 _aProperty Finance & Development
_v8(4) April 1996, 10-11(2)
520 _aDescribes the concept of commonhold, existing legislation and proposals for a Commonhold Bill.
650 _aCOMMONHOLD BILL
650 _aCOMMONHOLD
650 _aLEASEHOLDS
690 _aLANDLORD AND TENANT-LEASEHOLD REFORM
942 _n0
948 _c04/03/1997
999 _c8756
_d8756